WWII: Fact or Propaganda? - Sudden Death! - Statistics

General Stats
  • This quiz has been taken 118 times
  • The average score is 3 of 6
Answers on the Grid
Answers color-coded by a green-red scale on the quiz's grid according to % correct below.
The Nazis developed a "sun gun" capable of burning cities from space.
Allied forces dropped leaflets urging German soldiers to surrender.
The Soviet Union had an all-female bomber regiment nicknamed the "Night Witches."
Winston Churchill refused to let Londoners use the subway as bomb shelters.
The Japanese planned to attack the West Coast of the United States with balloon bombs.
The German navy built an aircraft carrier that dominated the Atlantic.
The Germans had a secret plan to invade the United States with an army of super-soldiers.
The Allies spread rumors that they trained bats to carry incendiary bombs.
The Japanese military created a fleet of "unsinkable" super battleships that would turn the tide of the war.
Germany created a "secret army" of advanced jet fighters.
The Soviet Union built a massive "death ray" that could vaporize enemy troops.
The Allies created a fake army to mislead the Germans about the location of the D-Day invasion.
 
Answer Stats
Answer % Correct
Allied forces dropped leaflets urging German soldiers to surrender.
82%
The Soviet Union had an all-female bomber regiment nicknamed the "Night Witches."
60%
The Allies created a fake army to mislead the Germans about the location of the D-Day invasion.
55%
The Japanese planned to attack the West Coast of the United States with balloon bombs.
53%
The Allies spread rumors that they trained bats to carry incendiary bombs.
36%
Germany created a "secret army" of advanced jet fighters.
29%
No matching quizzes found
Score Distribution
Percent of People with Each Score
Percentile by Number Answered
Your Score History
You have not taken this quiz